Tecnologías de la crítica: entre Walter Benjamin y Gilles Deleuze

Tallennettuna:
Bibliografiset tiedot
Päätekijä: Thayer, Willy (Tekijä)
Aineistotyyppi: Kirja
Kieli:espanja
Julkaistu: Santiago Ediciones Metales Pesados 2010
Painos:1a. ed
Aiheet:
Tagit: Lisää tagi
Ei tageja, Lisää ensimmäinen tagi!

MARC

LEADER 00000cam a2200000 a 4500
001 UCE2552
003 CL-VaPUC
008 140710e20101000cl |||||||||||||||||spa|d
020 |a 9789568415341 
082 0 4 |a 792.015  |b THA  |2 21 
100 0 |a Thayer, Willy  |e author  |9 575038 
245 1 0 |a Tecnologías de la crítica: entre Walter Benjamin y Gilles Deleuze 
250 |a 1a. ed 
300 |a 270 p 
942 |c BK 
945 |d 20140710 11:54:00  |a dcastane 
260 |a Santiago  |b Ediciones Metales Pesados  |c 2010 
600 0 |a Benjamin, Walter  |d 1892-1940  |9 269121 
600 0 |a Deleuze, Gilles  |9 487836 
650 0 |a Teatro  |9 265385 
650 7 |a REPRESENTACIONES ESCENICAS  |2 CL-VaPUC  |9 421253 
650 0 |a Crítica e interpretación   |9 255042 
650 0 |a Filosofía moderna  |9 258121 
583 |a last modification  |c 20140710 11:54:00  |k Rodrigo Vera 
999 |c 356142  |d 356140 
952 |0 0  |1 0  |3 erb  |4 0  |6 792_015000000000000_THA_2010  |7 0  |8 A  |9 463300  |a BIBEDU  |b BIBEDU  |i 5078024  |o 792.015 THA 2010  |p 5078024  |r 2019-11-23  |w 2019-11-23  |y BK  |z Catalogado en:20140710  |k LIT